00486nam a2200145 i 450000100060000000300090000600700030001500800410001810000250005924500660008425000450015026000670019530000470026285200310030936072ES-MaACLt|030217s1945 xxk ||||1| eng d1 aBrailsford, James F.14aThe radiology of bones and joints / cby James F. Brailsford. a3rd ed., reprinted with minor additions. aLondon : bJ. et A. Churchil, c1945 (fThe Whitefriars Press) aXIII, 440 p., 56 lám. : bil. ; c25 cm. aES-MaACLjE-1912 bR.22743